Cambridge English Mini Dictionary : (Record no. 6564)

MARC details
000 -LEADER
fixed length control field 01040nam a22002297a 4500
001 - CONTROL NUMBER
control field 6564
003 - CONTROL NUMBER IDENTIFIER
control field FISKH
005 - DATE AND TIME OF LATEST TRANSACTION
control field 20250512121204.0
008 - FIXED-LENGTH DATA ELEMENTS--GENERAL INFORMATION
fixed length control field 250512b cb ||||| |||| 00| 0 eng d
020 ## - INTERNATIONAL STANDARD BOOK NUMBER
International Standard Book Number 9781107672130
040 ## - CATALOGING SOURCE
Original cataloging agency FISKH
Language of cataloging eng
Transcribing agency FISKH
Modifying agency FISKH
100 ## - MAIN ENTRY--PERSONAL NAME
Personal name McIntosh, Colin
245 ## - TITLE STATEMENT
Title Cambridge English Mini Dictionary :
Remainder of title Second Edition /
Statement of responsibility, etc. By Colin McIntosh
250 ## - EDITION STATEMENT
Edition statement First published 2004
260 ## - PUBLICATION, DISTRIBUTION, ETC.
Place of publication, distribution, etc. Cambridge University Press :
Name of publisher, distributor, etc. Delhi ,
Date of publication, distribution, etc. 2011 .
300 ## - PHYSICAL DESCRIPTION
Extent 481 pages :
Other physical details color illustrations ;
Dimensions 15 cm.
520 ## - SUMMARY, ETC.
Summary, etc. The Cambridge English Mini Dictionary (Second Edition) is a compact and practical dictionary designed primarily for learners of English at beginner to intermediate levels (A2–B1 on the CEFR scale). It is ideal for students, travelers, and anyone who needs a quick reference to English vocabulary in a portable format.
700 ## - ADDED ENTRY--PERSONAL NAME
Personal name Burrows,Ray
Relator term Oxford designers and illustrators
700 ## - ADDED ENTRY--PERSONAL NAME
Personal name David Shenton
Relator term Oxford designers and illustrators
942 ## - ADDED ENTRY ELEMENTS (KOHA)
Source of classification or shelving scheme Dewey Decimal Classification
Koha item type Books
Suppress in OPAC No
Holdings
Withdrawn status Lost status Source of classification or shelving scheme Damaged status Not for loan Collection Home library Current library Shelving location Date acquired Total Checkouts Full call number Barcode Date last seen Copy number Price effective from Koha item type
    Dewey Decimal Classification     Reference Footprints International School Library Network Toul Tom Poung Campus Footprints International School Library Network Toul Tom Poung Campus TTP Secondary Non-Fiction Bookshelves 05/12/2025   COL 2025-1250 05/12/2025 1 05/12/2025 Books
    Dewey Decimal Classification     Reference Footprints International School Library Network Toul Tom Poung Campus Footprints International School Library Network Toul Tom Poung Campus TTP Secondary Non-Fiction Bookshelves 05/12/2025   COL 2025-1251 05/12/2025 2 05/12/2025 Books
    Dewey Decimal Classification     Reference Footprints International School Library Network Toul Tom Poung Campus Footprints International School Library Network Toul Tom Poung Campus TTP Secondary Non-Fiction Bookshelves 05/12/2025   COL 2025-1252 05/12/2025 3 05/12/2025 Books
    Dewey Decimal Classification     Reference Footprints International School Library Network Toul Tom Poung Campus Footprints International School Library Network Toul Tom Poung Campus TTP Secondary Non-Fiction Bookshelves 05/12/2025   COL 2025-1253 05/12/2025 4 05/12/2025 Books